| 000 | 00607nam a22001937a 4500 | ||
|---|---|---|---|
| 005 | 20150622144006.0 | ||
| 010 | _aENG-112992 | ||
| 020 |
_a9789382420354 _c900.00 |
||
| 035 | _aEN-96524 | ||
| 037 | _bDBAD/PUB | ||
| 082 | _a341.3 | ||
| 100 | _aSudhir Kumar | ||
| 245 |
_aInternational relations and human rights / _cby Sudhir Kumar |
||
| 260 |
_bKunal Books _c2013 _aNew Delhi |
||
| 270 |
_b New Delhi _e110002 _a4648/21, First Floor, Ansari Road, Daryaganj, |
||
| 300 |
_avi,280p. _c22cm(Hb) |
||
| 500 | _aIncludes bibliographical references and index | ||
| 942 |
_2ddc _cEN _mSUD _h341.3 |
||
| 999 |
_c93627 _d93627 |
||